<?xml version="1.0" encoding="UTF-8"?>
<record
    xmlns:xsi="http://www.w3.org/2001/XMLSchema-instance"
    xsi:schemaLocation="http://www.loc.gov/MARC21/slim http://www.loc.gov/standards/marcxml/schema/MARC21slim.xsd"
    xmlns="http://www.loc.gov/MARC21/slim">

  <leader>00611nam a22001217a 4500</leader>
  <datafield tag="040" ind1=" " ind2=" ">
    <subfield code="c">RUA</subfield>
  </datafield>
  <datafield tag="100" ind1=" " ind2=" ">
    <subfield code="a">MET  THAN. &#x1798;&#x17C9;&#x17C1;&#x178F; &#x1790;&#x17B6;&#x1793;</subfield>
  </datafield>
  <datafield tag="245" ind1=" " ind2=" ">
    <subfield code="a">DEVELOPMENT AND TESTING OF ONE-ROW VEGETABLE TRANSPLANTER ATTACHABLE TO A POWER TILLER. &#x1780;&#x17B6;&#x179A;&#x17A2;&#x1797;&#x17B7;&#x179C;&#x178C;&#x17D2;&#x178D;&#x1793;&#x17B7;&#x1784;&#x1792;&#x17D2;&#x179C;&#x17BE;&#x178F;&#x17C1;&#x179F;&#x17D2;&#x178F;&#x179F;&#x1798;&#x178F;&#x17D2;&#x1790;&#x1797;&#x17B6;&#x1796;&#x17A7;&#x1794;&#x1780;&#x179A;&#x178E;&#x17CD;&#x179F;&#x17D2;&#x1791;&#x17BD;&#x1784;&#x1794;&#x1793;&#x17D2;&#x179B;&#x17C2;&#x1794;&#x17C6;&#x1796;&#x17B6;&#x1780;&#x17CB;&#x1787;&#x17B6;&#x1798;&#x17BD;&#x1799;&#x1782;&#x17C4;&#x1799;&#x1793;&#x17D2;&#x178F;</subfield>
  </datafield>
  <datafield tag="260" ind1=" " ind2=" ">
    <subfield code="a">Phnom Penh</subfield>
    <subfield code="b">RUA</subfield>
    <subfield code="c">2021</subfield>
  </datafield>
  <datafield tag="300" ind1=" " ind2=" ">
    <subfield code="a">IX.39P</subfield>
    <subfield code="b">VII.</subfield>
    <subfield code="c">29CM</subfield>
  </datafield>
  <datafield tag="856" ind1=" " ind2=" ">
    <subfield code="u">https://drive.google.com/file/d/1c53Pg7iQUx9dV_XSIWMct5hQ1LCxyWC3/view?usp=sharing</subfield>
  </datafield>
  <datafield tag="942" ind1=" " ind2=" ">
    <subfield code="c">AGE</subfield>
  </datafield>
  <datafield tag="999" ind1=" " ind2=" ">
    <subfield code="c">21920</subfield>
    <subfield code="d">21920</subfield>
  </datafield>
  <datafield tag="952" ind1=" " ind2=" ">
    <subfield code="0">0</subfield>
    <subfield code="1">0</subfield>
    <subfield code="2">ddc</subfield>
    <subfield code="4">0</subfield>
    <subfield code="6">AGE_MET_2021_000000000000000_B660_OR</subfield>
    <subfield code="7">0</subfield>
    <subfield code="9">95640</subfield>
    <subfield code="a">LBB</subfield>
    <subfield code="b">LBB</subfield>
    <subfield code="c">B660</subfield>
    <subfield code="d">2023-09-15</subfield>
    <subfield code="o">AGE MET 2021 B660 Or.</subfield>
    <subfield code="p">a73297</subfield>
    <subfield code="r">2023-09-15</subfield>
    <subfield code="w">2023-09-15</subfield>
    <subfield code="y">AGE</subfield>
  </datafield>
  <datafield tag="952" ind1=" " ind2=" ">
    <subfield code="0">0</subfield>
    <subfield code="1">0</subfield>
    <subfield code="2">ddc</subfield>
    <subfield code="4">0</subfield>
    <subfield code="6">AGE_MET_2021_000000000000000_B660_OR</subfield>
    <subfield code="7">0</subfield>
    <subfield code="9">95641</subfield>
    <subfield code="a">LBB</subfield>
    <subfield code="b">LBB</subfield>
    <subfield code="c">B660</subfield>
    <subfield code="d">2023-09-15</subfield>
    <subfield code="o">AGE MET 2021 B660 Or.</subfield>
    <subfield code="p">a73195</subfield>
    <subfield code="r">2023-09-15</subfield>
    <subfield code="w">2023-09-15</subfield>
    <subfield code="y">AGE</subfield>
  </datafield>
  <datafield tag="952" ind1=" " ind2=" ">
    <subfield code="0">0</subfield>
    <subfield code="1">0</subfield>
    <subfield code="2">ddc</subfield>
    <subfield code="4">0</subfield>
    <subfield code="6">AGE_MET_2021_000000000000000_B660_OR</subfield>
    <subfield code="7">0</subfield>
    <subfield code="9">95642</subfield>
    <subfield code="a">LBB</subfield>
    <subfield code="b">LBB</subfield>
    <subfield code="c">B660</subfield>
    <subfield code="d">2023-09-15</subfield>
    <subfield code="o">AGE MET 2021 B660 Or.</subfield>
    <subfield code="p">a73125</subfield>
    <subfield code="r">2023-09-15</subfield>
    <subfield code="w">2023-09-15</subfield>
    <subfield code="y">AGE</subfield>
  </datafield>
  <datafield tag="952" ind1=" " ind2=" ">
    <subfield code="0">0</subfield>
    <subfield code="1">0</subfield>
    <subfield code="2">ddc</subfield>
    <subfield code="4">0</subfield>
    <subfield code="6">AGE_MET_2021_000000000000000_B660_OR</subfield>
    <subfield code="7">0</subfield>
    <subfield code="9">95643</subfield>
    <subfield code="a">LBB</subfield>
    <subfield code="b">LBB</subfield>
    <subfield code="c">B660</subfield>
    <subfield code="d">2023-09-15</subfield>
    <subfield code="o">AGE MET 2021 B660 Or.</subfield>
    <subfield code="p">a73205</subfield>
    <subfield code="r">2023-09-15</subfield>
    <subfield code="w">2023-09-15</subfield>
    <subfield code="y">AGE</subfield>
  </datafield>
  <datafield tag="952" ind1=" " ind2=" ">
    <subfield code="0">0</subfield>
    <subfield code="1">0</subfield>
    <subfield code="2">ddc</subfield>
    <subfield code="4">0</subfield>
    <subfield code="6">AGE_MET_2021_000000000000000_B660_OR</subfield>
    <subfield code="7">0</subfield>
    <subfield code="9">95644</subfield>
    <subfield code="a">LBB</subfield>
    <subfield code="b">LBB</subfield>
    <subfield code="c">B660</subfield>
    <subfield code="d">2023-09-15</subfield>
    <subfield code="o">AGE MET 2021 B660 Or.</subfield>
    <subfield code="p">a73135</subfield>
    <subfield code="r">2023-09-15</subfield>
    <subfield code="w">2023-09-15</subfield>
    <subfield code="y">AGE</subfield>
  </datafield>
  <datafield tag="952" ind1=" " ind2=" ">
    <subfield code="0">0</subfield>
    <subfield code="1">0</subfield>
    <subfield code="2">ddc</subfield>
    <subfield code="4">0</subfield>
    <subfield code="6">AGE_MET_2021_000000000000000_B660_OR</subfield>
    <subfield code="7">0</subfield>
    <subfield code="9">95645</subfield>
    <subfield code="a">LBB</subfield>
    <subfield code="b">LBB</subfield>
    <subfield code="c">B660</subfield>
    <subfield code="d">2023-09-15</subfield>
    <subfield code="o">AGE MET 2021 B660 Or.</subfield>
    <subfield code="p">a73130</subfield>
    <subfield code="r">2023-09-15</subfield>
    <subfield code="w">2023-09-15</subfield>
    <subfield code="y">AGE</subfield>
  </datafield>
</record>
